<?xml version="1.0" encoding="UTF-8"?>
<collection xmlns="http://www.loc.gov/MARC21/slim">
 <record>
  <leader>01950nam a2200217Ia 4500</leader>
  <controlfield tag="001">CTU_116383</controlfield>
  <controlfield tag="008">210402s9999    xx            000 0 und d</controlfield>
  <datafield tag="020" ind1=" " ind2=" ">
   <subfield code="c">1304000</subfield>
  </datafield>
  <datafield tag="082" ind1=" " ind2=" ">
   <subfield code="a">332.46</subfield>
  </datafield>
  <datafield tag="082" ind1=" " ind2=" ">
   <subfield code="b">R561</subfield>
  </datafield>
  <datafield tag="100" ind1=" " ind2=" ">
   <subfield code="a">Riese, Hajo</subfield>
  </datafield>
  <datafield tag="245" ind1=" " ind2="0">
   <subfield code="a">Money, development and economic transformation :</subfield>
  </datafield>
  <datafield tag="245" ind1=" " ind2="0">
   <subfield code="b">Selected essays</subfield>
  </datafield>
  <datafield tag="245" ind1=" " ind2="0">
   <subfield code="c">Edited by Hajo Riese, Jens Holscher, Horst Tomann</subfield>
  </datafield>
  <datafield tag="260" ind1=" " ind2=" ">
   <subfield code="a">New York</subfield>
  </datafield>
  <datafield tag="260" ind1=" " ind2=" ">
   <subfield code="b">Palgrave Macmillan</subfield>
  </datafield>
  <datafield tag="260" ind1=" " ind2=" ">
   <subfield code="c">2004</subfield>
  </datafield>
  <datafield tag="520" ind1=" " ind2=" ">
   <subfield code="a">Hajo Riese has been Professor of Economics at the Free University Berlin since 1971. He was Vice-President of the University from 1973 to 1975 and directed the Institute for Theory of Economic Policy until 2001. In his main field of research, monetary economics, he advised the central banks and governments of many developing countries such as Ecuador, Bolivia and Vietnam. Money, Development and Economic Transformation presents a selection of thought-provoking essays by Hajo Riese that have not previously been available in English. Riese's fundamental methodological position, formulated with particular reference to Keynes, provides new insights into major issues of economic development and economic transition. This makes these essays, selected by Riese himself, particularly valuable reading. The first two chapters lay the theoretical foundations by explaining how a monetary economy works and the role of monetary policy, with specific reference to Bagehot and Keynes respectively. The implications of Riese's analysis are of the utmost importance for countries in the process of transition towards a capitalist system. Riese demonstrates in the following chapters that strategies of economic development and economic transition will fail if the requirements of a monetary economy are not met.</subfield>
  </datafield>
  <datafield tag="650" ind1=" " ind2=" ">
   <subfield code="a">Monetary policy,Money,Economic development,Keynesian economics</subfield>
  </datafield>
  <datafield tag="904" ind1=" " ind2=" ">
   <subfield code="i">Hiếu</subfield>
  </datafield>
  <datafield tag="980" ind1=" " ind2=" ">
   <subfield code="a">Trung tâm Học liệu Trường Đại học Cần Thơ</subfield>
  </datafield>
 </record>
</collection>
